000 00648nam a2200193Ia 4500
005 20250508163509.0
008 008 250505s9999 xx 000 0 hin d
037 _aDissertations
040 _aFEDL
_beng
_cFEDL
041 _ahin
_2eng
084 _a371.3, GAH/DI
_qFEDL
100 _aGahlat Ishgyan Singh
_9775463
245 0 _aShiksha vibhag, Delhi vishwavidyalaya va shiksha sankaya, Jamiya Miliya Islamiya me aayojit shikshan-abhyas karyakaram ka tulnatmak addhyan
260 _c1994
300 _aiv,83p.
546 _aM. Ed. Dissertation (Delhi University)
942 _cDIS
_h371.3, GAH/DI
999 _c1383697
_d1383697